000 00575nam a2200193 i 4500
001 69426
003 ES-MaACL
005 20250523062557.0
007 t|
008 040706s1973 sp ||||1| spa d
100 1 _aGarcía Calvo, Agustín,
_d1926-2012
_eaut
_9233841
245 1 0 _aLalia
_b: ensayos de estudio lingüístico de la sociedad /
_cpor Agustín García Calvo.
250 _a[1ª ed.].
260 _aMadrid :
_bSiglo XXI,
_c[1973]
300 _a386 p. ;
_c21 cm.
852 _aES-MaACL
_jC-52483
_bR.85611
942 _2udc
999 _c69426
_d69426